Polar Bear

Bibliographic Details
Main Author: Bright, Michael
Format: Book
Published: London : Franklin Watts , 1989
Series:Project Wildlife
Subjects:

MARC

LEADER 00000cam a2200000 7i4500
001 0000002630
002 000002857
005 20051219.0
020 |a 0863139574 
090 0 0 |a 339.95   |b PRO 
100 1 |a Bright, Michael 
245 1 0 |a Polar Bear   |c Michael Bright 
260 |a London :   |b Franklin Watts ,   |c 1989 
300 |a 31p. :   |b ill. ;   |c 28cm. 
490 0 |a Project Wildlife 
650 0 0 |a Polar Bear   |x Juvenile literature 
999 |a 036129   |b BUKU   |c JUNIOR BOOKS   |e PERPUSTAKAAN KOMUNITI PETALING JAYA